Loading...

Ora pro nobis/

Bibliographic Details
Main Author: Raphy Ponjikkara
Format: Printed Book
Published: Kottayam: D C Books, 2004.
Subjects:
LEADER 00826nam a22001931a 4500
999 |c 32324  |d 32324 
020 |a 9788126408207 
082 |a M3  |b RAP/O 
100 |a Raphy Ponjikkara 
245 |a Ora pro nobis/  |c by Raphy Ponjikkara 
260 |a Kottayam:  |b D C Books,  |c 2004. 
300 |a 109p. 
650 |a Novel Malayalam 
650 |a Literature Malayalam 
650 |a Literature 
942 |c BK 
952 |0 0  |1 0  |4 0  |6 M_3_000000000000000_RAP_O  |7 0  |9 46816  |a SSUS  |b SSUS  |d 2015-01-08  |g 65.00  |o M3 RAP/O  |p 049883  |r 2017-04-05  |v 0.00  |w 2015-01-08  |y BK 
952 |0 0  |1 0  |4 0  |6 M_3_000000000000000_RAP_O  |7 0  |9 46817  |a SSUS  |b SSUS  |d 2015-01-08  |g 65.00  |o M3 RAP/O  |p 052500  |r 2020-07-13  |v 0.00  |w 2015-01-08  |y BK 
952 |0 0  |1 0  |4 0  |6 M_3_000000000000000_RAP_ORA_RAP_O  |7 0  |9 46818  |a SSUS  |b SSUS  |d 2015-01-08  |g 65.00  |o M3 RAP ORA RAP/O  |p 049884  |r 2015-01-08  |v 0.00  |w 2015-01-08  |y BK